El crimen de la calle de Fuencarral (Record no. 155013)
[ view plain ]
| 000 -LEADER | |
|---|---|
| campo de control de longitud fija | 01172nam a2200229 i 4500 |
| 001 - NÚMERO DE CONTROL | |
| campo de control | 155013 |
| 003 - IDENTIFICADOR DE NÚMERO DE CONTROL | |
| campo de control | ES-MaACL |
| 005 - FECHA Y HORA DE LA ÚLTIMA TRANSACCIÓN | |
| campo de control | 20230906205930.0 |
| 008 - DATOS DE LONGITUD FIJA--INFORMACIÓN GENERAL | |
| campo de control de longitud fija | 981020s1888 sp |||| | spa d |
| 040 ## - FUENTE DE CATALOGACIÓN | |
| Centro catalogador/agencia de origen | CCPB | B |
| Lengua de catalogación | spa |
| Centro/agencia transcriptor | CCPB | B |
| 100 1# - ENTRADA PRINCIPAL--NOMBRE DE PERSONA | |
| Nombre de persona | Gutiérrez Salazar, Pedro. |
| 9 (RLIN) | 127659 |
| 245 13 - MENCIÓN DEL TÍTULO | |
| Título | El crimen de la calle de Fuencarral |
| Resto del título | : extracto y juicio del proceso en forma de proyecto-sentencia, con la carta del ex-director de la cárcel Modelo, D. José Millan Astray, en que pide copia de lo publicado en "El País" / |
| Mención de responsabilidad, etc. | por el Verdadero Estudiante [seud. de Pedro Gutiérrez Salazar]. |
| 260 ## - PUBLICACIÓN, DISTRIBUCIÓN, ETC. | |
| Lugar de publicación, distribución, etc. | Madrid : |
| Nombre del editor, distribuidor, etc. | [s.n.], |
| Fecha de publicación, distribución, etc. | 1888 ( |
| Fabricante | Tip. de Manuel Ginés Hernández, impresor de la Real Casa) |
| 300 ## - DESCRIPCIÓN FÍSICA | |
| Extensión | 97 p. ; |
| Dimensiones | 17 cm. |
| 500 ## - NOTA GENERAL | |
| Nota general | Proceso seguido contra Higinia Balaguer y Ostalet, Dolores Ávila, María Ávila, José Vázquez Varela y José Millán Astray. |
| 500 ## - NOTA GENERAL | |
| Nota general | "Primera entrega" |
| 530 ## - NOTA DISPONIBLE DE FORMULARIO FÍSICO ADICIONAL | |
| Nota de formato físico adicional disponible | Disponible en formato digital. |
| 594 ## - Nota al título y mención de responsabilidad | |
| Nota al título y mención de responsabilidad | Consta en la p. 8. |
| 700 1# - ENTRADA AGREGADA--NOMBRE PERSONAL | |
| Nombre de persona | Balaguer, Higinia. |
| 9 (RLIN) | 170151 |
| 852 ## - LOCALIZACIÓN | |
| Ubicación | ES-MaACL |
| Número de control de estantería | Fol-Laf-494 |
| Nota libre | -- Rúst. |
| 856 ## - LOCALIZACIÓN Y ACCESO ELECTRÓNICOS | |
| Identificador Uniforme de Recursos | <a href="http://bdh-rd.bne.es/viewer.vm?id=0000192790&page=1 ">http://bdh-rd.bne.es/viewer.vm?id=0000192790&page=1 </a> |
| Nota pública | Biblioteca Digital Hispánica |
| Estatus retirado | Estado de pérdida | Estado de daño | No para préstamo | Colección | Biblioteca de origen | Biblioteca actual | Ubicación en estantería | Fecha de adquisición | Fuente de adquisición | Total de préstamos | Signatura topográfica completa | Código de barras | Visto por última vez | Precio de reemplazo | Tipo de ítem Koha |
|---|---|---|---|---|---|---|---|---|---|---|---|---|---|---|---|
| Colección de folletos | Biblioteca del Ateneo de Madrid | Biblioteca del Ateneo de Madrid | Depósito folletos | 17/01/2008 | Fol-Laf-494 | 1162151 | 23/02/2023 | 23/02/2023 | Folleto |
